000 00257nam a2200121Ia 4500
008 190216s9999||||xx |||||||||||||| ||und||
100 _aChandu Menon O
245 0 _aSharada
260 _bNbs Kottayam
300 _a216
650 _aKavithkal
942 _cBK
999 _c27278
_d27278